Statistics for 500 Most Published Marvel Characters

Click here to take the quiz!

General Stats

  • This quiz has been taken 6,018 times
    (4,223 since last reset)
  • The average score is 123 of 500

Answer Stats

RankAnswer# of Issues% Correct
5Iron Man (Tony Stark)10,696
97%
151Spider-Man (Miles Morales)1,028
96%
1Spider-Man (Peter Parker)16,531
96%
3Captain America (Steve Rogers)11,275
94%
12Hulk (Bruce Banner)7,496
94%
391Beta Ray Bill421
92%
154Jane Foster1,013
92%
95M (Monet St Croix)1,639
92%
8Thor Odinson8,104
92%
38Black Widow (Natalia Romanova)3,577
88%
25Hawkeye (Clint Barton)4,701
85%
274Hawkeye (Kate Bishop)621
85%
2Wolverine (James Howlett)15,614
85%
63X-23 (Laura Kinney)2,311
85%
73Loki Laufeyson2,026
84%
130Thanos1,203
83%
34Ant-Man (Hank Pym)3,631
81%
47Black Panther (T'Challa)3,092
81%
212Ant-Man (Scott Lang)794
80%
493Black Ant (Eric O’Grady)319
80%
32Captain Marvel (Carol Danvers)4,096
80%
26Dr Strange (Stephen Strange)4,657
78%
191Captain Marvel (Mar-Vell)874
77%
14Professor X (Charles Xavier)7,265
77%
30Scarlet Witch (Wanda Maximoff)4,219
77%
207Star-Lord (Peter Quill)824
76%
226Groot767
75%
196Gamora865
74%
174Rocket Raccoon938
74%
42Wasp (Janet Pym)3,433
74%
45Deadpool (Wade Wilson)3,173
73%
61Green Goblin (Norman Osborn)2,432
73%
23Magneto (Max Eisenhardt)5,647
73%
121Odin the All-Father1,311
73%
72Winter Soldier (Bucky Barnes)2,049
73%
17Mr Fantastic (Reed Richards)6,646
72%
4Cyclops (Scott Summers)10,851
71%
18Human Torch (Johnny Storm)6,644
71%
58Venom (Eddie Brock)2,617
71%
31Nick Fury4,180
70%
407Nick Fury Jr396
70%
10Thing (Ben Grimm)7,759
70%
481Chili Storm327
69%
28Daredevil (Matt Murdock)4,536
69%
148Human Torch (Jim Hammond)1,057
69%
43Quicksilver (Pietro Maximoff)3,336
69%
6Storm (Ororo Munroe)9,827
69%
62Falcon (Sam Wilson)2,344
68%
41Vision3,434
68%
178Drax the Destroyer (Arthur Douglas)932
67%
7Beast (Hank McCoy)9,363
65%
66Dr Octopus (Otto Octavius)2,303
65%
21Invisible Woman (Susan Richards)5,985
65%
49She-Hulk (Jennifer Walters)2,989
64%
11Jean Grey7,665
63%
105War Machine (James Rhodes)1,515
63%
131Sandman (Flint Marko)1,201
61%
67Silver Surfer (Norrin Radd)2,302
61%
213Ultron794
61%
247Ms Marvel (Kamala Khan)697
60%
37Dr Doom (Victor Von Doom)3,599
59%
9Iceman (Bobby Drake)7,800
59%
118Red Skull (Johann Shmidt)1,338
59%
173Electro (Max Dillon)938
57%
50Luke Cage2,970
57%
71Iron Fist (Danny Rand)2,182
56%
48Mystique (Raven Darkholme)3,038
56%
13Colossus (Piotr Rasputin)7,354
54%
106Gwen Stacy1,485
54%
16Nightcrawler (Kurt Wagner)6,941
54%
243Pepper Potts715
54%
56Punisher (Frank Castle)2,732
53%
19Rogue (Anna Marie)6,399
53%
15Angel (Warren Worthington III)7,239
52%
91Galactus (Galan)1,681
52%
217Jessica Jones788
52%
57Aunt May Parker2,670
51%
269Carnage (Cletus Kasady)634
51%
162Ghost Rider (Johnny Blaze)978
51%
79Kingpin (Wilson Fisk)1,835
51%
122Moon Knight (Marc Spector)1,309
51%
321Ghost Rider (Danny Ketch)529
50%
393Mantis (Brandt)418
50%
98Red Hulk (Thaddeus Ross)1,582
50%
159Vulture (Adrian Toomes)984
50%
215Kang the Conqueror (Nathaniel Richards)792
49%
158Shang-Chi984
49%
138Elektra Natchios1,122
48%
160Lizard (Curt Connors)982
48%
245Mysterio (Quentin Beck)705
48%
24Namor McKenzie4,774
48%
161Rhino (Aleksei Sytsevich)982
47%
68Spider-Woman (Jessica Drew)2,302
47%
252Blade (Eric Brooks)674
46%
27Gambit (Remy LeBeau)4,559
46%
323Abomination (Emil Blonksy)528
45%
305Hela551
45%
75Juggernaut (Cain Marko)1,941
45%
40Cable (Nathan Summers)3,448
44%
180Wong915
44%
125Maria Hill1,293
43%
20Shadowcat (Kitty Pryde)6,207
43%
445Shuri361
43%
22Emma Frost5,876
42%
114Black Bolt (Blackagar Boltagon)1,376
41%
39Sabretooth (Victor Creed)3,460
41%
286Uncle Ben Parker592
41%
88Apocalypse (En Sabah Nur)1,696
40%
35Mary Jane Watson3,605
40%
472Baron Zemo (Heinrich Zemo)334
39%
369Cassandra Nova445
39%
156Valkyrie (Brunnhilde)998
39%
77Captain Britain (Brian Braddock)1,891
38%
276Heimdall614
38%
202Kraven the Hunter (Sergei Kravinoff)846
38%
150Nova (Richard Rider)1,046
38%
262Nova (Sam Alexander)646
38%
181Sif912
38%
119Black Cat (Felicia Hardy)1,317
37%
324Mandarin528
37%
267MODOK (George Tarleton)637
37%
370Ronan the Accuser444
37%
93Toad (Mortimer Toynbee)1,664
37%
328Dormammu517
36%
51Jubilee (Jubilation Lee)2,911
36%
29Psylocke (Elizabeth Braddock)4,505
36%
177Pyro (St. John Allerdyce)933
36%
36Havok (Alexander Summers)3,596
35%
76Hercules1,917
35%
143Scorpion (Mac Gargan)1,073
35%
263Adam Warlock645
34%
52Bishop (Lucas Bishop)2,861
34%
346Hobgoblin (Roderick Kingsley)484
34%
315Morbius (Michael Morbius)539
33%
81Blob (Fred Dukes)1,751
32%
140Bullseye (Benjamin Poindexter)1,103
32%
70Domino (Neena Thurman)2,189
32%
110Medusa (Medusalith Amaquelin)1,446
32%
201Sharon Carter847
32%
64Banshee (Sean Cassidy)2,308
31%
142Betty Ross1,078
31%
377Death438
31%
318Howard the Duck535
31%
46J Jonah Jameson3,165
31%
310Shocker (Herman Schultz)545
31%
250Taskmaster (Tony Masters)681
31%
455Baron Mordo (Karl Mordo)349
30%
134Harry Osborn1,183
30%
444Phil Coulson361
30%
366Spider-Girl (May Parker)449
30%
137Black Knight (Dane Whitman)1,124
29%
78Flash Thompson1,857
29%
179Mephisto926
29%
473Ancient One (Yao)333
28%
44Magik (Illyana Rasputin)3,211
28%
316Helmut Zemo537
27%
87Mr Sinister (Nathaniel Essex)1,717
27%
55Polaris (Lorna Dane)2,749
27%
197Cloak (Tyrone Johnson)859
26%
211Dagger (Tandy Bowen)802
26%
112Rick Jones1,389
26%
53Sunspot (Robert da Costa)2,818
26%
80Wonder Man (Simon Williams)1,761
26%
59Dazzler (Alison Blaire)2,596
25%
172Sentry (Robert Reynolds)940
25%
334Sersi503
25%
488Spider-Girl (Anya Corazon)322
25%
351Squirrel Girl (Doreen Green)467
25%
103Edwin Jarvis1,527
24%
449Happy Hogan356
24%
210Man-Thing (Ted Sallis)805
24%
264Wiccan (Billy Kaplan)644
24%
33Cannonball (Samuel Guthrie)4,065
23%
418Crossbones (Brock Rumlow)386
23%
216Enchantress (Amora)788
23%
339Hulkling (Teddy Altman)495
23%
205Lockjaw833
23%
357Super Skrull (Kl’rt)458
23%
171US Agent (Jonathan Walker)942
23%
126Crystal (Crystalia Amequin)1,264
22%
322Leader (Samuel Sterns)529
22%
139Mockingbird (Bobbi Morse)1,122
22%
100Sebastian Shaw1,548
22%
287Stature (Cassie Lang)588
22%
198Vlad Dracula855
22%
479Agatha Harkness329
21%
183Lady Deathstrike (Yuriko Oyama)905
21%
228Absorbing Man (Carl Creel)748
20%
194Fandral the Dashing866
20%
163Tigra (Greer Grant)978
20%
342Ulysses Klaw490
20%
167Volstagg the Valiant971
20%
60Wolfsbane (Rahne Sinclair)2,524
20%
224Ares769
19%
367Chameleon (Dmitri Smerdyakov)448
19%
165Firestar (Angelica Jones)975
19%
74Forge2,012
19%
96Franklin Richards1,634
19%
193Ka-Zar (Kevin Plunder)870
19%
237Mole Man (Harvey Elder)730
19%
363Silver Samurai (Keniuchio Harada)451
19%
169Spectrum (Monica Rambeau)954
19%
355Spider-Man 2099 (Miguel O’Hara)462
19%
69Warpath (James Proudstar)2,244
19%
259Ben Reilly653
18%
235Blink (Clarice Ferguson)734
18%
319Clea531
18%
253Guardian (James Hudson)674
18%
195Hogun the Grim866
18%
483Hydro-Man (Morris Bench)326
18%
258Hyperion (Marcus Milton)655
18%
85Multiple Man (James Madrox)1,722
18%
414Ned Leeds390
18%
337Starfox (Eros)500
18%
117Uatu the Watcher1,353
18%
116Warlock1,360
18%
443Darwin (Armando Muñoz)361
17%
136Hellcat (Patsy Walker)1,128
17%
317High Evolutionary (Herbert Wyndham)535
17%
124Hope Summers1,293
17%
146Longshot1,067
17%
219Misty Knight777
17%
257Quasar (Wendell Vaughn)656
17%
278Viper (Ophelia Sarkissian)610
17%
419William Stryker384
17%
271Amadeus Cho623
16%
133Betty Brant1,187
16%
111Dum Dum Dugan1,443
16%
164Foggy Nelson976
16%
364Hammerhead (Joseph Martello)450
16%
255Legion (David Haller)663
16%
246Moondragon (Heather Douglas)697
16%
308Namorita Prentiss546
16%
284Omega Red (Arkady Rossovich)593
16%
422Silver Sable (Silvija Sablinova)381
16%
115Sunfire (Shiro Yoshida)1,373
16%
487Tombstone (Lonnie Lincoln)323
16%
372Werewolf by Night (Jack Russell)444
16%
209X-Man (Nate Grey)815
16%
231Avalanche (Dominikos Petrakis)740
15%
385Baron von Strucker429
15%
192Gorgon (Tomi Shishido)870
15%
188Karnak Mander-Azur880
15%
104Lockheed1,522
15%
261Morph (Kevin Sydney)649
15%
491Namora (Aquaria Neptunia)320
15%
86Northstar (Jean-Paul Beaubier)1,718
15%
54Rachel Summers2,760
15%
176Sasquatch (Walter Langkowski)937
15%
297Songbird (Melissa Gold)571
15%
236Speedball (Robert Baldwin)732
15%
400Swordsman (Andreas von Strucker)406
15%
469Swordsman (Jacques Duquesne)338
15%
453Titania (Mary MacPherran)352
15%
344Annihilus486
14%
283Beetle (Abner Jenkins)596
14%
442Bolivar Trask362
14%
84Boom-Boom (Tabitha Smith)1,739
14%
425Fin Fang Foom374
14%
168Gladiator (Kallark)967
14%
244Leech (Jimmy)707
14%
378Maximus437
14%
332Mojo512
14%
465Patriot (Elijah Bradley)343
14%
90Pixie (Megan Gwynn)1,688
14%
189Puck (Eugene Judd)880
14%
149Shatterstar (Gaveedra-Seven)1,048
14%
99Armor (Hisako Ichiki)1,554
13%
404Batroc the Leaper (Georges Batroc)398
13%
399Colleen Wing407
13%
485Eternity324
13%
109Magma (Amara Aquilla)1,452
13%
204Mastermind (Jason Wyngarde)839
13%
65Moonstar (Danielle Moonstar)2,307
13%
446Nightmare359
13%
285Sauron (Karl Lykos)593
13%
289Thunderbird (John Proudstar)587
13%
478Thunderbird (Neal Shaara)331
13%
242Triton720
13%
185Aurora (Jeanne-Marie Beaubier)897
12%
208Balder the Brave816
12%
184Caliban903
12%
175Callisto937
12%
120Cypher (Douglas Ramsey)1,313
12%
141Daken (Akihiro)1,079
12%
437Darkhawk (Christopher Powell)368
12%
275Deathlok (Michael Collins)619
12%
381Jocasta Pym435
12%
102Karma (Xi’an Coy Manh)1,537
12%
299Machine Man (Aaron Stack)564
12%
254Mimic (Calvin Rankin)674
12%
83Moira MacTaggert1,740
12%
206Moonstone (Karla Sofen)830
12%
108Siryn (Theresa Cassidy)1,458
12%
123Strong Guy (Guido Carosella)1,309
12%
296Wizard (Bentley Wittman)577
12%
336Arcade500
11%
256Destiny (Irene Adler)661
11%
429Devil Dinosaur372
11%
326Gabe Jones521
11%
424Jackal (Miles Warren)376
11%
390Karen Page422
11%
466Onslaught342
11%
273Valeria Von Doom623
11%
294Wrecker (Dirk Garthwaithe)582
11%
304Brother Voodoo (Jericho Drumm)552
10%
94Celeste Cuckoo1,658
10%
220Doc Samson774
10%
347Egg (Fabio Medina)480
10%
107Husk (Paige Guthrie)1,461
10%
459Icarus (Joshua Guthrie)346
10%
128Kid Omega (Quentin Quire)1,234
10%
152Lilandra Neramani1,021
10%
147Madelyne Pryor1,065
10%
182Marrow (Sarah)907
10%
89Mindee Cuckoo1,689
10%
468Nico Minoru338
10%
229Nighthawk (Kyle Richmond)747
10%
92Phoebe Cuckoo1,666
10%
386Piledriver (Brian Calusky)427
10%
498Puppet Master (Phillip Masters)312
10%
462Stingray (Walter Newell)345
10%
306Stryfe (Nathaniel Summers)550
10%
349Thunderball (Eliot Franklin)476
10%
295Zabu582
10%
380Angela (Aldrif Odinsdottir)436
9%
426Anna May Watson373
9%
432Bulldozer (Henry Camp)370
9%
129Chamber (Jonothon Starsmore)1,208
9%
223Corsair (Christopher Summers)770
9%
218Dark Beast (Hank McCoy)782
9%
457Diamondback (Rachel Leighton)347
9%
251Donald Pierce678
9%
145Dust (Sooraya Qadir)1,067
9%
374Esme Cuckoo442
9%
186Fantomex (Charlie Cluster-7)886
9%
293Justice (Vance Astrovik)582
9%
340Marvel Boy (Noh-Varr)493
9%
157Meggan Puceanu985
9%
113Rictor (Julio Richter)1,388
9%
101Robbie Robertson1,544
9%
82Rockslide (Santo Vaccarro)1,744
9%
277Shadow King (Amahl Farouk)610
9%
268Shaman (Michael Twoyoungmen)637
9%
395Sophie Cuckoo410
9%
272Spiral (Rita Waylord)623
9%
440Supreme Intelligence363
9%
435Typhoid Mary (Mary Walker)370
9%
460Wendigo (Paul Cartier)346
9%
441Yukio363
9%
190Alicia Masters875
8%
348Beak (Barnell Bohusk)476
8%
187Ben Urich885
8%
490Black Goliath (Bill Foster)320
8%
311Black Tom Cassidy543
8%
373Boomerang (Frederick Myers)442
8%
312Broo543
8%
382Dragon Man434
8%
199Elixir (Joshua Foley)851
8%
221Hepzibah774
8%
388Madame Masque (Whitney Frost)425
8%
302Man-Wolf (John Jameson)556
8%
155Mercury (Cessily Kincaid)1,003
8%
362Mr Hyde (Calvin Zabo)451
8%
450Night Thrasher (Dwayne Taylor)353
8%
379Nimrod437
8%
345Proteus (Kevin MacTaggert)486
8%
416Radioactive Man (Chen Lu)387
8%
350Redwing468
8%
132Sage1,193
8%
387Senator Robert Kelly426
8%
371Shanna O’Hara444
8%
331Snowbird (Narya)513
8%
447Thunderstrike (Eric Masterson)358
8%
458Two-Gun Kid (Matt Hank)347
8%
279Vindicator (Heather Hudson)607
8%
452Xorn (Kuan-Yin Xorn)353
8%
230Abigail Brand745
7%
97Anole (Victor Borkowski)1,619
7%
389Atlas (Erik Josten)423
7%
260Bastion (Sebastian Gilberti)649
7%
249Black Queen (Selene Gallio)681
7%
232Cecilia Reyes738
7%
474Constrictor (Frank Payne)332
7%
214Danger793
7%
427Dani Cage373
7%
482Darkstar (Laynia Petrovna)326
7%
300Deathbird (Cal’syee Neramani)560
7%
240Doop727
7%
489Dr Druid (Anthony Druid)321
7%
233Exodus (Bennet du Paris)736
7%
314Feral (Maria Callasantos)541
7%
343Firefist (Russell Collins)487
7%
497Grey Gargoyle (Paul Duval)312
7%
127Hellion (Julian Keller)1,259
7%
303Hellstorm (Daimon Hellstrom)553
7%
392Kaine Parker418
7%
153Liz Allan1,021
7%
359Mad Thinker (Julius)455
7%
360Omega Sentinel (Karima Shapandar)455
7%
227Prodigy (David Alleyne)754
7%
270Skin (Angelo Espinosa)631
7%
144Surge (Noriko Ashida)1,068
7%
448The Hood (Parker Robbins)357
7%
480Tiger Shark (Todd Arliss)329
7%
375Trapster (Peter Petruski)440
7%
333Vanisher (Telford Porter)512
7%
384Vertigo430
7%
500Victoria Hand310
7%
368Arclight (Philippa Sontag)445
6%
222Bling! (Roxy Washington)772
6%
325Butterfly (Layla Miller)526
6%
166Dr Nemesis (James Bradley)972
6%
361Empath (Manuel de la Rocha)453
6%
433Fabian Cortez370
6%
200Frenzy (Joanna Cargill)849
6%
241Genesis (Evan Sabahnur)720
6%
352Glory Grant464
6%
266Henry Gyrich637
6%
430Joseph372
6%
329Lightspeed (Julie Power)516
6%
415Maggot (Japheth)387
6%
499Major Victory (Vance Astro)308
6%
456Mesmero (Vincent)348
6%
281Pete Wisdom599
6%
248Synch (Everett Thomas)695
6%
439Whirlwind (David Cannon)368
6%
265Wild Child (Kyle Gibney)641
6%
335Arachne (Julia Carpenter)501
5%
238Blindfold (Ruth Aldine)729
5%
327Ch’od517
5%
383Energizer (Katie Power)433
5%
438EVA368
5%
495Fixer (Norbert Ebersol)315
5%
170Glob Herman946
5%
394Graydon Creed415
5%
290Kid Colt (Blaine Colt)586
5%
496King Cobra (Klaus Vorhees)315
5%
405Lady Mastermind (Regan Wyngarde)398
5%
413Masque390
5%
464Maverick (Christoph Nord)327
5%
410Molly Hayes391
5%
282No-Girl (Martha Johansson)598
5%
203Oya (Idie Okonkwo)844
5%
411Paladin (Paul Denning)391
5%
341Raza Longknife493
5%
239Scalphunter (John Greycrow)729
5%
298Skids (Sally Blevins)570
5%
434Tempest (Angel Salvadore)370
5%
135Val Cooper1,131
5%
398Warbird (Ava’Dara Naganandini)408
5%
402Cameron Hodge399
4%
292Dr Kavita Rao582
4%
356Gateway459
4%
280Gentle (Nezhno Abidemi)599
4%
475Glenn Talbot331
4%
423Harpoon (Kodiak Noatak)380
4%
412Holocaust (William Rolfson)390
4%
476Kid Gladiator (Kubark)331
4%
401Kwannon401
4%
320Lila Cheney532
4%
313Loa (Alani Ryan)542
4%
225Madison Jeffries768
4%
494Malice316
4%
234Mariko Yashida735
4%
408Mass Master (Jack Power)394
4%
307Match (Ben Hammil)549
4%
354Millie the Model462
4%
365Nocturne (Talia Wagner)449
4%
417Random (Marshal Stone III)387
4%
406Rawhide Kid (Johnny Bart)397
4%
492Smasher (Vril Rokk)320
4%
288Toro (Thomas Raymond)588
4%
484Valentina de Fontaine326
4%
451Veranke353
4%
301Zero-G (Alexander Power)558
4%
358Amanda Sefton (Jimaine Szardos)457
3%
470Amelia Voght337
3%
330Artie Maddicks515
3%
471Carmella Unuscione336
3%
353Ernst462
3%
431Eye Boy (Trevor Hawkins)371
3%
463Graymalkin (Jonas Graymalkin)343
3%
376Indra (Paras Gavaskar)439
3%
454Jack Monroe351
3%
467Jimmy Hudson340
3%
486Manta323
3%
436Oracle369
3%
477Primal (Teon Macik)331
3%
461Shark-Girl (Iara Dos Santos)345
3%
338Tempus (Eva Bell)499
3%
409Transonic (Laurie Tromette)392
3%
396Triage (Christopher Muse)409
3%
291Trish Tilby584
3%
421Dino Manelli382
2%
420Hollow383
2%
397Izzy Cohen408
2%
428Pinky Pinkerton373
2%
403Rebel Ralston399
2%
309Trance (Hope Abbott)546
2%

Score Distribution

Percentile by Number Answered

Percent of People with Each Score

Your Score History

You have not taken this quiz since the last reset